Production and packaging of non-carbonated fruit guices fruit beverages
Збережено в:
| Автор: | |
|---|---|
| Формат: | Книга |
| Мова: | Англійська |
| Опубліковано: |
Glasgow
Blackie, New York, Van Nostrand
1990
|
| Предмети: | |
| Теги: |
Додати тег
Немає тегів, Будьте першим, хто поставить тег для цього запису!
|
MARC
| LEADER | 00000nam a2200000 a 4500 | ||
|---|---|---|---|
| 001 | UCV3798 | ||
| 003 | CL-VaPUC | ||
| 008 | 920420e19900000UK |||||||||||||||||eng|d | ||
| 082 | 0 | 4 | |a 663.63 |b HIC |2 21 |
| 100 | 0 | |a Hicks, D |e author |9 298156 | |
| 245 | 1 | 0 | |a Production and packaging of non-carbonated fruit guices fruit beverages |
| 300 | |a 397 p | ||
| 942 | |c BK | ||
| 945 | |d 19920420 00:00:00 | ||
| 260 | |a Glasgow |b Blackie, New York, Van Nostrand |c 1990 | ||
| 650 | 7 | |a JUGOS DE FRUTAS |2 CL-VaPUC |9 259825 | |
| 583 | |a last modification |c 19920420 00:00:00 |k Rodrigo Vera | ||
| 999 | |c 210923 |d 210921 | ||
| 952 | |0 0 |1 0 |4 0 |6 663_630000000000000_HIC_1990 |7 0 |8 A |9 187983 |a BIBALI |b BIBALI |c GEN |d 2019-11-14 |i 2554666 |l 1 |o 663.63 HIC 1990 |p 2554666 |r 2025-01-20 |s 2023-10-05 |w 2019-11-14 |y BK |k ALI | ||